| 000 | 00492nam a2200193Ia 4500 | ||
|---|---|---|---|
| 005 | 20140402112514.0 | ||
| 008 | 140130s9999 xx 000 0 und d | ||
| 050 |
_aHV 1780.2 _b.M66 2003 |
||
| 100 |
_aMoore, Eve _931031 |
||
| 245 |
_cEve Moore. _aBuddy the first seeing eye dog / |
||
| 260 |
_bScholastic, _c2003. _aUSA : |
||
| 300 |
_a48 p. : _bcol. ill. ; _c25 cm. |
||
| 440 |
_v1 _931032 |
||
| 521 | _aG3 | ||
| 526 | _c600 | ||
| 942 |
_cBK _2lcc |
||
| 999 |
_c40742 _d40742 |
||